Most Guessed Countries On Jetpunk A-Z - Statistics

General Stats
  • This quiz has been taken 135 times
  • The average score is 20 of 24
Answer Stats
Letter Guessed Country % Correct
G 91% Germany
96%
U 96% United States
96%
O 57% Oman
95%
C 95% Canada
94%
F 93% France
94%
Y 60% Yemen
94%
Q 49% Qatar
93%
R 94% Russia
93%
J 90% Japan
92%
D 80% Denmark
91%
Z 51% Zimbabwe
91%
H 64% Hungary
84%
I 91% Italy
82%
M 93% Mexico
82%
B 92% Brazil
81%
V 69% Vietnam
79%
A 91% Australia
78%
S 91% Spain
76%
T 82% Turkey
74%
E 85% Egypt
72%
P 85% Portugal
69%
N 83% Norway
62%
K 67% Kazakhstan
59%
L 59% Latvia
58%
No matching quizzes found
Score Distribution
Percent of People with Each Score
Percentile by Number Answered
Your Score History
You have not taken this quiz